Statistics for One-Syllable Human Body Parts

Click here to take the quiz!

General Stats

  • This quiz has been taken 74,041 times
  • The average score is 31 of 64

Answer Stats

Answer% Correct
Eye
97%
Arm
95%
Ear
95%
Leg
94%
Toe
94%
Nose
91%
Hair
88%
Foot
84%
Knee
84%
Heart
80%
Nail
79%
Head
77%
Neck
76%
Hand
75%
Lip
73%
Tooth
73%
Mouth
72%
Tongue
72%
Lung
71%
Back
64%
Bone
64%
Wrist
62%
Brain
61%
Hip
61%
Skin
61%
Cheek
60%
Chest
60%
Thigh
60%
Chin
55%
Rib
53%
Throat
50%
Breast
48%
Thumb
47%
Calf
46%
Vein
46%
Brow
45%
Spine
45%
Heel
44%
Jaw
42%
Shin
39%
Gum
36%
Palm
36%
Skull
33%
Spleen
30%
Face
29%
Joint
27%
Waist
26%
Sole
24%
Nerve
19%
Scalp
19%
Nape
18%
Cell
16%
Arch
15%
Groin
15%
Gland
13%
Womb
11%
Limb
10%
Pore
8%
Pate
7%
Node
6%
Lens
5%
Disc
4%
Jowl
4%
Pons
4%

Score Distribution

Percentile by Number Answered

Percent of People with Each Score

Your Score History

You have not taken this quiz